[Event "2LD 24/25,Lipky HK B-Jihlava B"]
[Site ""]
[Date "2025.01.26"]
[Round "7.3"]
[White "Winter, Ondrej"]
[Black "Bukacek, Lubomir"]
[WhiteElo "2257"]
[BlackElo "2107"]
[Result "1-0"]
[PlyCount "71"]

1. e4 e6 2. d4 d5 3. Nd2 Nc6 4. Ngf3 Nf6 5. e5 Nd7 6. Be2 f6 7. exf6 Qxf6 8.
Nf1 Bd6 9. Ne3 O-O 10. c4 dxc4 11. Nxc4 Nb6 12. Nxd6 cxd6 13. Bg5 Qf7 14. O-O
Nd5 15. Qb3 Qg6 16. Be3 Kh8 17. Rac1 a5 18. Rfd1 Ncb4 19. Nd2 Bd7 20. Nc4 Bc6
21. Bf1 a4 22. Qa3 Nc2 23. Qd3 Qxd3 24. Bxd3 Ncxe3 25. fxe3 Rfe8 26. Re1 Nb4
27. Bb1 Bb5 28. a3 Nc6 29. Rc3 e5 30. d5 Ne7 31. Be4 Bxc4 32. Rxc4 Ra5 33. Rd1
Rc8 34. Rxc8+ Nxc8 35. Rf1 Kg8 36. Bf5 1-0

[Event "2LD 24/25,Lipky HK B-Jihlava B"]
[Site ""]
[Date "2025.01.26"]
[Round "7.4"]
[White "Seidl, Antonin"]
[Black "Juptner, Jan"]
[WhiteElo "2078"]
[BlackElo "2238"]
[Result "0-1"]
[PlyCount "92"]

1. e4 c5 2. Nf3 d6 3. c3 Nf6 4. Bb5+ Bd7 5. Qe2 e6 6. d4 cxd4 7. cxd4 Bxb5 8.
Qxb5+ Qd7 9. Nc3 Be7 10. e5 Qxb5 11. Nxb5 Nd5 12. exd6 Bd8 13. O-O f6 14. Nc3
Kd7 15. Nxd5 exd5 16. Bf4 Nc6 17. h4 h5 18. b4 Bb6 19. b5 Nd8 20. Bg3 Ne6 21.
a4 Ba5 22. Rfc1 Rac8 23. Kf1 Rhe8 24. Rab1 Bc3 25. Rb3 Ba5 26. Rbb1 b6 27. Rxc8
Rxc8 28. Ke2 Rc2+ 29. Kd3 Rc3+ 30. Ke2 Ra3 31. Rb2 Rxa4 32. Kd3 Ra3+ 33. Ke2
Ra4 34. Kd3 Bb4 35. Rc2 Ra3+ 36. Ke2 Rxf3 37. gxf3 Nxd4+ 38. Kd3 Nxc2 39. Kxc2
Bxd6 40. f4 g5 41. fxg5 fxg5 42. hxg5 Bxg3 43. fxg3 Ke6 44. Kd3 Kf5 45. Kd4
Kxg5 46. Kxd5 Kg4 0-1

[Event "2LD 24/25,Lipky HK B-Jihlava B"]
[Site ""]
[Date "2025.01.26"]
[Round "7.5"]
[White "Nun, Jiri"]
[Black "Jurek, Miroslav"]
[WhiteElo "2224"]
[BlackElo "2095"]
[Result "1/2-1/2"]
[PlyCount "49"]

1. e4 c6 2. d4 d5 3. exd5 cxd5 4. Bd3 Nc6 5. c3 Nf6 6. Bf4 Bg4 7. Qb3 Na5 8.
Qc2 a6 9. Nd2 e6 10. Ngf3 Be7 11. O-O Bh5 12. Ne5 Rc8 13. Rfe1 Nc6 14. Nxc6
Rxc6 15. a4 Bg6 16. Bxg6 hxg6 17. Nf3 Bd6 18. Bxd6 Qxd6 19. Ne5 Rc7 20. Re3 Nd7
21. Rae1 Nxe5 22. Rxe5 Kd7 23. h3 Ra8 24. Qd3 Rac8 25. R5e3 1/2-1/2

[Event "2LD 24/25,Lipky HK B-Jihlava B"]
[Site ""]
[Date "2025.01.26"]
[Round "7.6"]
[White "Mouryc, Tomas"]
[Black "Vestfal, Jan"]
[WhiteElo "1932"]
[BlackElo "2036"]
[Result "0-1"]
[PlyCount "62"]

1. d4 Nf6 2. Nf3 b6 3. g3 Bb7 4. Bg2 g6 5. c4 Bg7 6. Nc3 c5 7. d5 O-O 8. O-O d6
9. h3 e5 10. e4 Ne8 11. Be3 h6 12. Qd2 Kh7 13. Nh2 Nd7 14. Ng4 f5 15. exf5 gxf5
16. Nh2 f4 17. gxf4 exf4 18. Bxf4 Bxc3 19. bxc3 Qf6 20. Be3 Ne5 21. f4 Ng6 22.
Ng4 Qf5 23. Rf2 h5 24. Nh2 Ba6 25. Nf3 Nf6 26. Ng5+ Kh8 27. Bf1 Nh4 28. Bd3 Qd7
29. Ne6 Rg8+ 30. Kh1 Bb7 31. Bc2 Qxe6 0-1

[Event "2LD 24/25,Lipky HK B-Jihlava B"]
[Site ""]
[Date "2025.01.26"]
[Round "7.7"]
[White "Ptacek, Tomas"]
[Black "Seidl, Pavel"]
[WhiteElo "2091"]
[BlackElo "1910"]
[Result "1/2-1/2"]
[PlyCount "58"]

1. d4 Nf6 2. Nf3 d6 3. Bf4 g6 4. c3 Bg7 5. Nbd2 O-O 6. e4 c6 7. h3 b5 8. a4 Qb6
9. a5 Qd8 10. Be2 a6 11. O-O Nbd7 12. Bh2 c5 13. e5 dxe5 14. dxe5 Nd5 15. Ne4
Bb7 16. e6 f5 17. exd7 fxe4 18. Ng5 Qxd7 19. Bg4 Qc6 20. Be6+ Kh8 21. Nf7+ Rxf7
22. Bxf7 e6 23. Qg4 Nc7 24. Bxc7 Qxc7 25. Bxe6 Rf8 26. Rfc1 Qe5 27. Re1 Qf6 28.
Bd7 Qxf2+ 29. Kh1 Be5 1/2-1/2

[Event "2LD 24/25,Lipky HK B-Jihlava B"]
[Site ""]
[Date "2025.01.26"]
[Round "7.8"]
[White "Polansky, Jiri"]
[Black "Novak, Radomir"]
[WhiteElo "1857"]
[BlackElo "2067"]
[Result "1/2-1/2"]
[PlyCount "62"]

1. d4 d5 2. c4 c6 3. Nf3 Nf6 4. g3 Bf5 5. Bg2 e6 6. O-O h6 7. b3 Nbd7 8. Bb2
Bd6 9. Nc3 O-O 10. Re1 Qa5 11. a3 Ne4 12. b4 Qd8 13. c5 Bc7 14. Nd2 Nxd2 15.
Qxd2 Qg5 16. Qxg5 hxg5 17. f3 e5 18. e3 g4 19. f4 exd4 20. exd4 Rfe8 21. Kf2
Kf8 22. Rxe8+ Rxe8 23. Re1 Bc2 24. Rxe8+ Kxe8 25. h3 Nf6 26. Bc1 Bf5 27. hxg4
Nxg4+ 28. Kf3 Nh2+ 29. Kf2 Ng4+ 30. Kf3 Nh2+ 31. Kf2 Ng4+ 1/2-1/2

[Event "2LD 24/25,Namest n/Osl B-Jihlava B"]
[Site ""]
[Date "2025.02.09"]
[Round "8.1"]
[White "Hladky, Tadeas"]
[Black "Seidl, Stepan"]
[WhiteElo "2174"]
[BlackElo "2148"]
[Result "1-0"]
[PlyCount "55"]

1. Nf3 d5 2. c4 e6 3. e3 Nf6 4. b3 c5 5. Bb2 Nc6 6. cxd5 exd5 7. Bb5 Qb6 8. Nc3
Bd6 9. O-O O-O 10. Be2 Bg4 11. h3 Bxf3 12. Bxf3 d4 13. Na4 Qb5 14. Bxc6 Qxc6
15. exd4 cxd4 16. Bxd4 Ne8 17. Bb2 f5 18. Rc1 Qd5 19. d4 Rd8 20. Nc3 Qf7 21.
Qf3 a6 22. Na4 Nc7 23. Qxb7 Rfe8 24. Rfe1 Bf4 25. Rcd1 Qh5 26. Nc5 Nd5 27.
Rxe8+ Rxe8 28. Qxd5+ 1-0

[Event "2LD 24/25,Namest n/Osl B-Jihlava B"]
[Site ""]
[Date "2025.02.09"]
[Round "8.2"]
[White "Vesely, Vitek"]
[Black "Miculka, Petr"]
[WhiteElo "2180"]
[BlackElo "1969"]
[Result "1-0"]
[PlyCount "87"]

1. d4 Nf6 2. Nf3 g6 3. Bf4 Bg7 4. e3 d6 5. Be2 c5 6. c3 O-O 7. O-O Qb6 8. Na3
Be6 9. Qc1 Na6 10. Rd1 Rac8 11. Nc2 Rfd8 12. h3 Nc7 13. Bh2 a5 14. Bd3 c4 15.
Bf1 Qc6 16. a3 Rb8 17. Nd2 b5 18. g4 Bd5 19. f3 Bh6 20. e4 Nxe4 21. fxe4 Bxe4
22. Re1 Bh1 23. Qd1 Ne6 24. Ne3 Ng5 25. Bg3 Bf3 26. Qc2 Ne6 27. Kh2 Nf4 28.
Nxf3 Qxf3 29. Qf2 Qxf2+ 30. Bxf2 d5 31. h4 f6 32. Bg3 Rb6 33. g5 fxg5 34. Ng4
Bg7 35. hxg5 Ne6 36. Bh4 Kf7 37. Bg2 Rd7 38. Rf1+ Ke8 39. Rae1 Kd8 40. Bh3 Rdb7
41. Ne5 b4 42. axb4 axb4 43. Bxe6 Rxe6 44. Nf7+ 1-0

[Event "2LD 24/25,Namest n/Osl B-Jihlava B"]
[Site ""]
[Date "2025.02.09"]
[Round "8.3"]
[White "Soucek, Andrej"]
[Black "Zigo, Viktor"]
[WhiteElo "2014"]
[BlackElo "2161"]
[Result "1-0"]
[PlyCount "55"]

1. e4 e5 2. Nf3 Nc6 3. Bb5 a6 4. Ba4 Nf6 5. O-O Be7 6. Re1 b5 7. Bb3 d6 8. a4
Bb7 9. d3 O-O 10. Nbd2 Na5 11. Ba2 c5 12. Nf1 bxa4 13. Ng3 h6 14. Bd2 Re8 15.
Nf5 Bf8 16. h3 Bc6 17. g4 Nh7 18. h4 Rb8 19. g5 g6 20. Nxh6+ Bxh6 21. gxh6 Rxb2
22. Ng5 Nxg5 23. Bxg5 Qd7 24. Qf3 Rxc2 25. Qf6 Qg4+ 26. Kh2 Rxf2+ 27. Qxf2 Re6
28. Rg1 1-0

[Event "2LD 24/25,Namest n/Osl B-Jihlava B"]
[Site ""]
[Date "2025.02.09"]
[Round "8.4"]
[White "Bukacek, Lubomir"]
[Black "Simajchl, Adam"]
[WhiteElo "2097"]
[BlackElo "1832"]
[Result "1-0"]
[PlyCount "51"]

1. Nf3 Nf6 2. c4 e6 3. b3 d5 4. Bb2 Be7 5. e3 b6 6. Nc3 Bb7 7. cxd5 exd5 8. Be2
c5 9. d4 Nbd7 10. O-O O-O 11. Qc2 cxd4 12. Nxd4 Rc8 13. Qf5 Rxc3 14. Bxc3 Ne4
15. Rac1 g6 16. Qh3 Ndc5 17. f4 Nxc3 18. Rxc3 Ne4 19. Rc2 Bc5 20. Rd1 Re8 21.
Bb5 Re7 22. Nc6 Bxc6 23. Bxc6 d4 24. Qf3 f5 25. b4 Qd6 26. Ba4 1-0

[Event "2LD 24/25,Namest n/Osl B-Jihlava B"]
[Site ""]
[Date "2025.02.09"]
[Round "8.5"]
[White "Zezula, Matej"]
[Black "Skoda, Martin"]
[WhiteElo "1833"]
[BlackElo "2154"]
[Result "0-1"]
[PlyCount "58"]

1. e4 c6 2. d4 d5 3. f3 e6 4. Nc3 Bb4 5. e5 c5 6. f4 Qa5 7. Qd3 cxd4 8. Qxd4
Nc6 9. Qd3 d4 10. Bd2 dxc3 11. bxc3 Bc5 12. Nf3 Nge7 13. Be2 Bb6 14. c4 Qc5 15.
Rf1 Nf5 16. Rb1 Qe7 17. g3 O-O 18. c3 Rd8 19. Qc2 Be3 20. Qe4 Bxd2+ 21. Nxd2
Qa3 22. Rf3 Nce7 23. g4 Nh4 24. Rh3 Nhg6 25. Rd3 Bd7 26. Rxd7 Rxd7 27. f5 Qxc3
28. Rd1 Rad8 29. fxg6 Nxg6 0-1

[Event "2LD 24/25,Namest n/Osl B-Jihlava B"]
[Site ""]
[Date "2025.02.09"]
[Round "8.6"]
[White "Seidl, Antonin"]
[Black "Hladky, Mikulas"]
[WhiteElo "2078"]
[BlackElo "1807"]
[Result "1-0"]
[PlyCount "55"]

1. e4 c5 2. Nf3 d6 3. c3 Nf6 4. Bb5+ Bd7 5. Qe2 Qb6 6. a4 a6 7. Bd3 Nc6 8. Na3
e6 9. O-O Qc7 10. Bc2 g6 11. Nc4 Bg7 12. e5 dxe5 13. Ncxe5 Nxe5 14. Nxe5 Rd8
15. Nxd7 Rxd7 16. a5 O-O 17. d3 Nd5 18. g3 Qd6 19. h4 f5 20. Re1 e5 21. Qf3 e4
22. dxe4 fxe4 23. Qg2 Nxc3 24. bxc3 Bxc3 25. Bh6 Rf6 26. Rxe4 Re7 27. Rd1 Rxe4
28. Qxe4 1-0

[Event "2LD 24/25,Namest n/Osl B-Jihlava B"]
[Site ""]
[Date "2025.02.09"]
[Round "8.7"]
[White "Kavanova, Anezka"]
[Black "Jurek, Miroslav"]
[WhiteElo "1718"]
[BlackElo "2098"]
[Result "0-1"]
[PlyCount "80"]

1. e4 c6 2. d4 d5 3. f3 e6 4. Nc3 Bb4 5. a3 Bxc3+ 6. bxc3 dxe4 7. Bf4 Nf6 8.
fxe4 Qa5 9. e5 Ne4 10. Bd2 Nxd2 11. Qxd2 c5 12. Nf3 Nc6 13. Bd3 cxd4 14. cxd4
Qxd2+ 15. Kxd2 Bd7 16. Rhf1 h6 17. Rab1 b6 18. h4 Rc8 19. Ke3 Ke7 20. h5 Na5
21. Nd2 Rc3 22. Nb3 Nc4+ 23. Ke2 Nxa3 24. Rb2 Rhc8 25. Ra1 Nxc2 26. Rxa7 Nb4
27. Bb5 R8c7 28. Rxc7 Rxc7 29. Bxd7 Kxd7 30. Nd2 Nd5 31. g4 b5 32. Ne4 b4 33.
Nc5+ Ke7 34. Kd3 Ra7 35. Kc4 Ra3 36. Kb5 Rg3 37. Na6 Rxg4 38. Nxb4 Nxb4 39.
Rxb4 f6 40. Kc6 fxe5 0-1

[Event "2LD 24/25,Namest n/Osl B-Jihlava B"]
[Site ""]
[Date "2025.02.09"]
[Round "8.8"]
[White "Hrabal, Michal"]
[Black "Stava, Zdenek"]
[WhiteElo "2026"]
[BlackElo "1610"]
[Result "1-0"]
[PlyCount "39"]

1. e4 e5 2. Nf3 Nc6 3. Bc4 Nf6 4. d4 Nxd4 5. Nxd4 exd4 6. Qxd4 d6 7. Nc3 Be7 8.
O-O O-O 9. b3 Be6 10. Bb2 c6 11. Rad1 Qc7 12. Bxe6 fxe6 13. Qc4 d5 14. exd5
Nxd5 15. Rxd5 exd5 16. Nxd5 Qd6 17. Nxe7+ Kh8 18. Qh4 Rae8 19. Re1 Rf7 20. Ng6+
 1-0

[Event "2LD 24/25,Vysoke Myto-Lipky HK B"]
[Site ""]
[Date "2025.02.09"]
[Round "8.2"]
[White "Cech, Pavel"]
[Black "Vesely, Tomas"]
[WhiteElo "2312"]
[BlackElo "2019"]
[Result "1-0"]
[PlyCount "73"]

1. d4 Nf6 2. c4 g6 3. Nc3 Bg7 4. g3 O-O 5. Bg2 d6 6. e3 Nc6 7. Nge2 e5 8. O-O
Re8 9. d5 Nb8 10. b4 a5 11. bxa5 Rxa5 12. Bd2 Nbd7 13. Nc1 Ra8 14. e4 Nc5 15.
Nb3 Nfd7 16. Qc2 Nb6 17. Nxc5 dxc5 18. Qb3 Bd7 19. a4 Ra7 20. Nb5 Ra6 21. Be3
Bf8 22. f4 c6 23. Nc3 cxd5 24. cxd5 c4 25. Qb2 Bg7 26. a5 Na4 27. Nxa4 exf4 28.
Bd4 Bxd4+ 29. Qxd4 Bxa4 30. Rxa4 b5 31. Ra2 fxg3 32. hxg3 Rxa5 33. Raf2 Rf8 34.
e5 Ra3 35. e6 Rd3 36. Qe5 Qe7 37. exf7+ 1-0

[Event "2LD 24/25,Vysoke Myto-Lipky HK B"]
[Site ""]
[Date "2025.02.09"]
[Round "8.3"]
[White "Kosek, Marek"]
[Black "Winter, Ondrej"]
[WhiteElo "2120"]
[BlackElo "2319"]
[Result "1/2-1/2"]
[PlyCount "96"]

1. d4 Nf6 2. Nf3 d5 3. c4 e6 4. g3 dxc4 5. Qa4+ Bd7 6. Qxc4 Bc6 7. Bg2 Be7 8.
O-O O-O 9. Nc3 Nbd7 10. Rd1 Nb6 11. Qd3 Na4 12. Nxa4 Bxa4 13. Re1 c5 14. Qc4 b5
15. Qd3 c4 16. Qb1 b4 17. b3 cxb3 18. axb3 Bc6 19. e4 a5 20. Ne5 Bb5 21. Be3
Nd7 22. Nd3 Qb8 23. Rc1 Rc8 24. Nf4 a4 25. bxa4 Rxa4 26. Rxa4 Bxa4 27. Bf1 Rxc1
28. Bxc1 Qc7 29. Bd3 Bd1 30. Bd2 Bf3 31. Bxb4 Bxb4 32. Qxb4 Qc1+ 33. Bf1 Bxe4
34. Qc4 Qxc4 35. Bxc4 Nb6 36. Bb5 Kf8 37. Kf1 g5 38. Ne2 Ke7 39. f4 g4 40. Nc3
Bb7 41. Kf2 Nc8 42. Bd3 Nd6 43. Nb5 Ne8 44. Nc3 Nf6 45. Ke3 Kd6 46. Nb5+ Ke7
47. Nc3 Kd6 48. Nb5+ Ke7 1/2-1/2

[Event "2LD 24/25,Vysoke Myto-Lipky HK B"]
[Site ""]
[Date "2025.02.09"]
[Round "8.4"]
[White "Nun, Jiri"]
[Black "Ptacek, Lubos"]
[WhiteElo "2228"]
[BlackElo "2062"]
[Result "1/2-1/2"]
[PlyCount "67"]

1. e4 e5 2. Nf3 Nc6 3. Bc4 Be7 4. d3 Nf6 5. Bb3 d6 6. c3 O-O 7. Nbd2 Be6 8. Bc2
d5 9. Qe2 Re8 10. Nf1 b5 11. Ne3 d4 12. Nd1 Bg4 13. h3 Be6 14. O-O h6 15. Nh2
Qd7 16. f4 exf4 17. Bxf4 Rad8 18. Nf3 Bc5 19. Nf2 Bf5 20. Qd1 Bg6 21. a4 a6 22.
axb5 axb5 23. c4 bxc4 24. Ba4 Qe6 25. Bxc6 Qxc6 26. Ne5 Qb7 27. Nxc4 Ra8 28.
Rxa8 Rxa8 29. Qc1 Ra2 30. Ne5 Qb4 31. Nxg6 fxg6 32. Bxc7 Rxb2 33. Qa1 Qb7 34.
Be5 1/2-1/2

[Event "2LD 24/25,Vysoke Myto-Lipky HK B"]
[Site ""]
[Date "2025.02.09"]
[Round "8.5"]
[White "Kosek, Jiri"]
[Black "Ptacek, Tomas"]
[WhiteElo "1933"]
[BlackElo "2075"]
[Result "1/2-1/2"]
[PlyCount "51"]

1. d4 d5 2. Nf3 Nf6 3. c4 e6 4. Nc3 Be7 5. Bg5 h6 6. Bh4 O-O 7. e3 b6 8. cxd5
Nxd5 9. Bxe7 Qxe7 10. Be2 Bb7 11. O-O Nxc3 12. bxc3 Nd7 13. Nd2 c5 14. Bf3 Nf6
15. Bxb7 Qxb7 16. Qb3 cxd4 17. cxd4 Rfc8 18. Rfc1 Rxc1+ 19. Rxc1 Rc8 20. Rxc8+
Qxc8 21. Qb2 Qc6 22. h3 a5 23. Nf3 Ne4 24. Ne5 Qc7 25. Nd3 Nd6 26. Ne5 1/2-1/2

[Event "2LD 24/25,Vysoke Myto-Lipky HK B"]
[Site ""]
[Date "2025.02.09"]
[Round "8.7"]
[White "Lipavsky, Dusan"]
[Black "Jezbera, Jiri"]
[WhiteElo "1930"]
[BlackElo "2049"]
[Result "0-1"]
[PlyCount "56"]

1. e4 c5 2. c4 e6 3. Nc3 Nc6 4. g3 Nf6 5. Bg2 d6 6. Nge2 h5 7. h3 Nd4 8. d3 a6
9. Be3 e5 10. f4 Rb8 11. b3 b5 12. fxe5 dxe5 13. Nd5 Nxd5 14. exd5 Bf5 15. O-O
Qd7 16. h4 Bd6 17. Nxd4 cxd4 18. Bf2 Qe7 19. Bf3 g5 20. Bxh5 gxh4 21. g4 Rxh5
22. gxh5 Qg5+ 23. Kh1 Bg4 24. Rg1 f5 25. Rxg4 fxg4 26. Qe1 g3 27. Bxd4 Qg4 28.
Qf1 h3 0-1

[Event "2LD 24/25,Vysoke Myto-Lipky HK B"]
[Site ""]
[Date "2025.02.09"]
[Round "8.8"]
[White "Sprinar, Michal"]
[Black "Ptacek, Miloslav"]
[WhiteElo "1959"]
[BlackElo "1795"]
[Result "1-0"]
[PlyCount "57"]

1. e4 e5 2. Nf3 Nc6 3. Bb5 a6 4. Ba4 d6 5. d4 b5 6. Bb3 Nxd4 7. Nxd4 exd4 8.
Bd5 Rb8 9. Bc6+ Bd7 10. Bxd7+ Qxd7 11. Qxd4 Nf6 12. O-O Be7 13. Nc3 O-O 14. f4
Rbd8 15. Qd3 Qc6 16. Nd5 Nxd5 17. exd5 Qd7 18. f5 Bf6 19. g4 h6 20. h4 Rde8 21.
g5 Be5 22. gxh6 g6 23. Bd2 Kh7 24. Kh1 Rg8 25. Rf3 gxf5 26. Rxf5 Kh8 27. Bg5
Rg6 28. h5 Rgg8 29. Rxe5 1-0

[Event "2LD 24/25,Namest n/Osl A-Polabiny C"]
[Site ""]
[Date "2025.02.09"]
[Round "8.1"]
[White "Walek, Petr"]
[Black "Stocek, Martin"]
[WhiteElo "2279"]
[BlackElo "2096"]
[Result "1-0"]
[PlyCount "119"]

1. e4 c6 2. d4 d5 3. e5 Bf5 4. Nf3 e6 5. Be2 Be7 6. O-O h5 7. h3 h4 8. Nbd2 Bg6
9. Nh2 Nh6 10. Re1 Nf5 11. c3 c5 12. dxc5 Bxc5 13. Ng4 Nc6 14. Nb3 Bb6 15. Bf4
O-O 16. Bd3 Bc7 17. Nc5 Qc8 18. Qb3 b6 19. Na6 Bd8 20. Qa4 Nb8 21. Nxb8 Qxb8
22. Ba6 Bc7 23. Rad1 Bh5 24. c4 d4 25. Qc6 Qd8 26. b4 Rb8 27. Qf3 Kh8 28. Rd3
Qe7 29. a3 Rfd8 30. Qe2 Bg6 31. Qd2 Rf8 32. Bb5 a5 33. Bc6 axb4 34. axb4 Rbc8
35. b5 Bb8 36. Ra1 Qc5 37. Ra4 Ne7 38. Bh6 Rg8 39. Bd7 Bxd3 40. Bxc8 Qxc8 41.
Bg5 Nf5 42. Qxd3 Qc5 43. Qa3 Qxa3 44. Rxa3 Kh7 45. Kf1 Kg6 46. Bf4 Bc7 47. Ra7
Rc8 48. Ke2 Bd8 49. Kd3 Rc5 50. Bc1 f6 51. Ba3 Rc7 52. Rxc7 Bxc7 53. c5 bxc5
54. Bxc5 fxe5 55. b6 Bb8 56. Ke4 d3 57. Kxd3 Kf7 58. Ke4 Nd4 59. Nxe5+ Bxe5 60.
Bxd4 1-0

[Event "2LD 24/25,Namest n/Osl A-Polabiny C"]
[Site ""]
[Date "2025.02.09"]
[Round "8.2"]
[White "Lihotsky, Lukas"]
[Black "Webersberger, Johann"]
[WhiteElo "2067"]
[BlackElo "2270"]
[Result "1/2-1/2"]
[PlyCount "138"]

1. d4 Nf6 2. c4 g6 3. Nc3 Bg7 4. e4 d6 5. Be2 O-O 6. Nf3 e5 7. O-O Nc6 8. d5
Ne7 9. Ne1 Nd7 10. Be3 f5 11. f3 f4 12. Bf2 g5 13. a4 a5 14. Nd3 b6 15. b4 axb4
16. Nxb4 Bb7 17. Nd3 Ng6 18. a5 bxa5 19. c5 Nf6 20. c6 Bc8 21. Be1 h5 22. Nf2
Rf7 23. Kh1 Bf8 24. Rg1 Rg7 25. Nb5 g4 26. g3 fxg3 27. hxg3 h4 28. fxg4 Rh7 29.
Kg2 hxg3 30. Kxg3 Nf4 31. Kf3 Rf7 32. Ke3 Nh7 33. g5 Nxg5 34. Kd2 Bh6 35. Kc2
a4 36. Ng4 Bg7 37. Nc3 Kf8 38. Ne3 Nxe2 39. Qxe2 Nf3 40. Qf2 Nxg1 41. Qxg1 Qf6
42. Bd2 a3 43. Qc1 Bh6 44. Rxa3 Rxa3 45. Qxa3 Bxe3 46. Bxe3 Bg4 47. Qb4 Kg7 48.
Qb8 Qf3 49. Bd2 Bh5 50. Qd8 Bg6 51. Qg5 Rf6 52. Qh4 Qg2 53. Qg5 Qh2 54. Qg4 Rf2
55. Qd7+ Rf7 56. Qg4 Qh1 57. Qg5 Kh7 58. Qg4 Qh2 59. Qg5 Qh3 60. Qe3 Rf3 61.
Qg5 Rf7 62. Qe3 Qxe3 63. Bxe3 Kg7 64. Kd3 Kf8 65. Nb5 Ke8 66. Bg5 Rf3+ 67. Ke2
Rf7 68. Kd3 Rf3+ 69. Ke2 Rf7 1/2-1/2

[Event "2LD 24/25,Namest n/Osl A-Polabiny C"]
[Site ""]
[Date "2025.02.09"]
[Round "8.3"]
[White "Enoeckl, Philipp"]
[Black "Varejcko, Josef"]
[WhiteElo "2322"]
[BlackElo "2091"]
[Result "1-0"]
[PlyCount "53"]

1. d4 Nf6 2. c4 c5 3. d5 b5 4. cxb5 a6 5. b6 a5 6. g4 Nxg4 7. e4 Nf6 8. e5 Ng8
9. Nc3 Ba6 10. Bg2 Qxb6 11. Nf3 Qg6 12. Ng5 f6 13. Be4 f5 14. Bf3 Qb6 15. d6
exd6 16. Qd5 Nh6 17. Qxa8 dxe5 18. Nd5 Qd6 19. Bd2 Be7 20. Bxa5 Bxg5 21. Bc7
Qg6 22. Qxb8+ Kf7 23. Qxh8 e4 24. Nf4 Bxf4 25. Bxf4 exf3 26. O-O-O Qe6 27. Bxh6
 1-0

[Event "2LD 24/25,Namest n/Osl A-Polabiny C"]
[Site ""]
[Date "2025.02.09"]
[Round "8.4"]
[White "Stary, Vojtech"]
[Black "Richterova, Natasa"]
[WhiteElo "1980"]
[BlackElo "2115"]
[Result "1-0"]
[PlyCount "67"]

1. e4 c6 2. d4 d5 3. Nc3 dxe4 4. Nxe4 Bf5 5. Ng3 Bg6 6. Nf3 Nd7 7. h4 h6 8. h5
Bh7 9. Bd3 Bxd3 10. Qxd3 e6 11. Bd2 Ngf6 12. Ne4 Qc7 13. O-O-O O-O-O 14. Kb1 c5
15. Nxf6 c4 16. Qe2 Nxf6 17. c3 Bd6 18. Bc1 Nd5 19. g3 Kb8 20. Nd2 Rc8 21. Ne4
Rhd8 22. Rhe1 Bf8 23. g4 Qa5 24. f4 Qb5 25. g5 Rc6 26. Ka1 Qa4 27. gxh6 gxh6
28. f5 exf5 29. Nc5 Qa5 30. Qe5+ Ka8 31. Qxf5 Rf6 32. Qe5 Rf2 33. Qe4 b6 34.
Qxd5+ 1-0

[Event "2LD 24/25,Namest n/Osl A-Polabiny C"]
[Site ""]
[Date "2025.02.09"]
[Round "8.5"]
[White "Mrazik, Tomas"]
[Black "Danek, Pavel"]
[WhiteElo "1987"]
[BlackElo "1904"]
[Result "1-0"]
[PlyCount "103"]

1. Nf3 d5 2. e3 f5 3. d4 Nf6 4. c4 e6 5. b3 c6 6. Be2 Be7 7. O-O O-O 8. Ba3 Bd7
9. Bxe7 Qxe7 10. Nbd2 Ne4 11. Qc2 Be8 12. Ne5 Nxd2 13. Qxd2 Nd7 14. Nxd7 Bxd7
15. b4 Qh4 16. f4 g5 17. Qe1 Qxe1 18. Rfxe1 g4 19. Kf2 a5 20. Reb1 Rfb8 21. c5
axb4 22. Rxb4 Ra3 23. Rb3 Ra5 24. a4 Bc8 25. Rb4 Kf7 26. Kg3 Kg6 27. h3 h5 28.
Bd3 Rba8 29. Bc2 b5 30. cxb6 Bb7 31. hxg4 hxg4 32. Rh1 c5 33. dxc5 Rxc5 34. Bb3
Rc3 35. Kf2 g3+ 36. Kxg3 Rxe3+ 37. Kf2 Rd3 38. Re1 Kf6 39. Re2 Rc3 40. Rc2
Rxc2+ 41. Bxc2 Rc8 42. Bd3 Rc5 43. Ke3 Ke7 44. Kd4 Kd6 45. Bb5 Rc2 46. a5 Rd2+
47. Kc3 Rxg2 48. a6 Ba8 49. b7 Bxb7 50. axb7 Kc7 51. Bc6 Kb8 52. Ra4 1-0

[Event "2LD 24/25,Namest n/Osl A-Polabiny C"]
[Site ""]
[Date "2025.02.09"]
[Round "8.6"]
[White "Stary, Lukas"]
[Black "Kosut, Tomas"]
[WhiteElo "1944"]
[BlackElo "1940"]
[Result "1/2-1/2"]
[PlyCount "142"]

1. Nf3 c5 2. c4 Nc6 3. d4 cxd4 4. Nxd4 Nf6 5. Nc3 g6 6. g3 Bg7 7. Bg2 O-O 8.
O-O a6 9. Nc2 d6 10. b3 Rb8 11. Bb2 Bd7 12. Nd5 Nxd5 13. Bxg7 Ne3 14. Nxe3 Kxg7
15. Qd2 Qa5 16. Qxa5 Nxa5 17. Nd5 Rfe8 18. Nb6 Be6 19. e4 Nc6 20. Rad1 g5 21.
f4 gxf4 22. gxf4 f5 23. Nd5 Rbc8 24. Bh3 Rf8 25. Ne3 Rc7 26. Bxf5 Bxf5 27.
Nxf5+ Kh8 28. Rf2 Rg8+ 29. Rg2 Rcc8 30. Rg3 Rcf8 31. Rf1 Rxg3+ 32. hxg3 Rf6 33.
Rd1 Kg8 34. Kf2 Re6 35. Kf3 Nb4 36. a3 Nc6 37. Nd4 Nxd4+ 38. Rxd4 Kf7 39. b4 h5
40. Rd5 Rh6 41. b5 h4 42. gxh4 Rxh4 43. bxa6 bxa6 44. Ra5 Rh3+ 45. Ke2 Rc3 46.
Ra4 Ke6 47. Kd2 Rf3 48. Rxa6 Rxf4 49. Ke3 Rf1 50. c5 Kd7 51. c6+ Kc7 52. Kd4
Rc1 53. Kd5 Rc5+ 54. Kd4 Rc1 55. Ra7+ Kxc6 56. Rxe7 Ra1 57. Ra7 Rd1+ 58. Ke3
Re1+ 59. Kf4 Rf1+ 60. Kg5 Kc5 61. Ra5+ Kd4 62. Rd5+ Kxe4 63. Rxd6 Ra1 64. Ra6
Kd5 65. Kf5 Rf1+ 66. Kg4 Kc5 67. Kg5 Kc4 68. Kg4 Ra1 69. Kf4 Kb3 70. Ke3 Rxa3
71. Rxa3+ Kxa3 1/2-1/2

[Event "2LD 24/25,Namest n/Osl A-Polabiny C"]
[Site ""]
[Date "2025.02.09"]
[Round "8.7"]
[White "Miculka, David"]
[Black "Halousek, Jaroslav"]
[WhiteElo "2004"]
[BlackElo "1827"]
[Result "1-0"]
[PlyCount "93"]

1. e4 c5 2. Nf3 g6 3. d4 cxd4 4. Nxd4 Nc6 5. Nc3 Bg7 6. Nde2 Nf6 7. g3 b5 8.
Bg2 Rb8 9. a3 a5 10. O-O O-O 11. h3 Ba6 12. Be3 Qc8 13. f4 d6 14. Qd2 Nd7 15.
Rab1 b4 16. axb4 axb4 17. Nd1 Bxe2 18. Qxe2 Nd4 19. Bxd4 Bxd4+ 20. Kh2 Qc5 21.
c3 bxc3 22. Nxc3 Bxc3 23. bxc3 Qxc3 24. Rfc1 Qf6 25. Rxb8 Rxb8 26. Rc7 Nc5 27.
e5 Qe6 28. Qd2 Nb3 29. Qd5 Qxd5 30. Bxd5 dxe5 31. Rxe7 exf4 32. gxf4 Nd4 33.
Rxf7 Kh8 34. Kg3 Rb5 35. Rd7 Nf5+ 36. Kf3 Rb4 37. Rc7 Rd4 38. Be6 Rd3+ 39. Ke4
Re3+ 40. Kd5 Rd3+ 41. Ke5 Re3+ 42. Kf6 Nd6 43. Rd7 Ne4+ 44. Kf7 h5 45. Kxg6
Rg3+ 46. Kh6 Ra3 47. Rh7# 1-0

[Event "2LD 24/25,Rychnov n/Kn-Lipa"]
[Site ""]
[Date "2025.02.09"]
[Round "8.1"]
[White "Kejna, Piotr"]
[Black "Gloser, David"]
[WhiteElo "2293"]
[BlackElo "2357"]
[Result "0-1"]
[PlyCount "84"]

1. e4 e5 2. Nf3 Nc6 3. Bc4 Nf6 4. d3 Bc5 5. c3 d6 6. a4 a5 7. Nbd2 O-O 8. O-O
Ba7 9. Re1 Ng4 10. Re2 Kh8 11. h3 f5 12. exf5 Nh6 13. g4 Nxf5 14. gxf5 Bxf5 15.
Nf1 Bxh3 16. N3h2 d5 17. Bb5 Qf6 18. Qd2 h6 19. d4 exd4 20. Bxc6 Qg6+ 21. Ng3
d3 22. Re3 Bxe3 23. Qxe3 bxc6 24. Qd4 Rae8 25. Be3 Re4 26. Qxd3 h5 27. Bc5 Rfe8
28. Nf3 h4 29. Nxh4 Re1+ 30. Qf1 Rxf1+ 31. Rxf1 Qg4 32. Ng2 Re6 33. Ra1 g5 34.
Be3 c5 35. Kh2 Rh6 36. Bxc5 Kg8 37. Be3 Qf3 38. Ne1 Bd7+ 39. Kg1 Qg4 40. Kg2
Qh3+ 41. Kg1 d4 42. Bxg5 Rg6 0-1

[Event "2LD 24/25,Rychnov n/Kn-Lipa"]
[Site ""]
[Date "2025.02.09"]
[Round "8.2"]
[White "Jirasek, Pavel"]
[Black "Horak, Jan"]
[WhiteElo "2276"]
[BlackElo "2149"]
[Result "1/2-1/2"]
[PlyCount "61"]

1. c4 e5 2. g3 h5 3. Nf3 e4 4. Nh4 Be7 5. Nf5 d6 6. Nxe7 Qxe7 7. Nc3 Nf6 8. d4
exd3 9. Qxd3 Nbd7 10. Bg2 h4 11. Bg5 Ne5 12. Qc2 h3 13. Be4 Be6 14. Nd5 Bxd5
15. cxd5 Neg4 16. Bf3 Ne5 17. Be4 Neg4 18. f3 Rh5 19. Qc1 Qe5 20. Bxf6 Nxf6 21.
Qxc7 Nxe4 22. Qxb7 Qxd5 23. Qxd5 Rxd5 24. fxe4 Rc5 25. Kd2 Rb8 26. b3 Rb4 27.
Kd3 Re5 28. Rac1 Rbxe4 29. Rhe1 Kd7 30. e3 f5 31. Re2 1/2-1/2

[Event "2LD 24/25,Rychnov n/Kn-Lipa"]
[Site ""]
[Date "2025.02.09"]
[Round "8.3"]
[White "Mik, Tomas"]
[Black "Rokos, Filip"]
[WhiteElo "2081"]
[BlackElo "2153"]
[Result "0-1"]
[PlyCount "76"]

1. e4 e6 2. d4 d5 3. exd5 exd5 4. Nf3 Nc6 5. Bb5 Bg4 6. O-O Qf6 7. Qe1+ Nge7 8.
Ne5 Bd7 9. Nxd7 Kxd7 10. c3 h5 11. Nd2 Qf5 12. Nb3 Ng6 13. Na5 a6 14. Ba4 b5
15. Nxc6 Kxc6 16. Bb3 Bd6 17. Qd1 Nh4 18. Bc2 Qg4 19. Qxg4 hxg4 20. Rd1 Rae8
21. Bg5 Nxg2 22. Kxg2 Rxh2+ 23. Kf1 g3 24. Be3 Re6 25. Bd3 gxf2 26. Bd2 Rf6 27.
a4 Rf3 28. axb5+ axb5 29. Bc2 g5 30. Bxg5 Rg3 31. Ke2 f1=Q+ 32. Kxf1 Rxg5 33.
Bd3 Rxb2 34. Rdb1 Rgg2 35. Rxb2 Rxb2 36. Rb1 Ba3 37. Ke1 Kd6 38. Kd1 Rxb1+ 0-1